<?xml version="1.0" encoding="UTF-8"?>
<record
    xmlns:xsi="http://www.w3.org/2001/XMLSchema-instance"
    xsi:schemaLocation="http://www.loc.gov/MARC21/slim http://www.loc.gov/standards/marcxml/schema/MARC21slim.xsd"
    xmlns="http://www.loc.gov/MARC21/slim">

  <leader>01139nam a2200301 i 4500</leader>
  <datafield tag="999" ind1=" " ind2=" ">
    <subfield code="c">7314</subfield>
    <subfield code="d">7314</subfield>
  </datafield>
  <controlfield tag="001">.b72064158</controlfield>
  <controlfield tag="003">OSt</controlfield>
  <controlfield tag="005">20210218185057.0</controlfield>
  <controlfield tag="008">180920s2018    sp c          000 0 spa c</controlfield>
  <datafield tag="020" ind1=" " ind2=" ">
    <subfield code="a">9788416305827</subfield>
  </datafield>
  <datafield tag="035" ind1=" " ind2=" ">
    <subfield code="a">(OCoLC)1120508977</subfield>
  </datafield>
  <datafield tag="040" ind1=" " ind2=" ">
    <subfield code="a">ES-BaUAB</subfield>
    <subfield code="b">cat</subfield>
    <subfield code="e">rda</subfield>
    <subfield code="c">ES-BaUAB</subfield>
  </datafield>
  <datafield tag="245" ind1="0" ind2="0">
    <subfield code="a">Conversaciones sobre periodismo radiof&#xF3;nico /</subfield>
    <subfield code="c">[Chelo S&#xE1;nchez Serrano (coord.)] ; entrevistas con Pepa Bueno ... [i altres] ; ep&#xED;logo Carlos Alsina</subfield>
  </datafield>
  <datafield tag="264" ind1=" " ind2="1">
    <subfield code="a">Salamanca :</subfield>
    <subfield code="b">Universidad Pontificia de Salamanca,</subfield>
    <subfield code="c">2018</subfield>
  </datafield>
  <datafield tag="300" ind1=" " ind2=" ">
    <subfield code="a">128 p&#xE0;gines :</subfield>
    <subfield code="b">retrats ;</subfield>
    <subfield code="c">24 cm</subfield>
  </datafield>
  <datafield tag="336" ind1=" " ind2=" ">
    <subfield code="a">text</subfield>
    <subfield code="b">txt</subfield>
    <subfield code="2">rdacontent</subfield>
  </datafield>
  <datafield tag="337" ind1=" " ind2=" ">
    <subfield code="a">sense mediaci&#xF3;</subfield>
    <subfield code="b">n</subfield>
    <subfield code="2">rdamedia</subfield>
  </datafield>
  <datafield tag="338" ind1=" " ind2=" ">
    <subfield code="a">volum</subfield>
    <subfield code="b">nc</subfield>
    <subfield code="2">rdacarrier</subfield>
  </datafield>
  <datafield tag="490" ind1="1" ind2=" ">
    <subfield code="a">Monograf&#xED;as de investigaci&#xF3;n e innovaci&#xF3;n ;</subfield>
    <subfield code="v">6</subfield>
  </datafield>
  <datafield tag="650" ind1="0" ind2="4">
    <subfield code="a">Not&#xED;cies per r&#xE0;dio</subfield>
  </datafield>
  <datafield tag="650" ind1="0" ind2="4">
    <subfield code="a">Periodistes</subfield>
    <subfield code="z">Espanya</subfield>
    <subfield code="x">Entrevistes</subfield>
  </datafield>
  <datafield tag="700" ind1="1" ind2=" ">
    <subfield code="a">S&#xE1;nchez Serrano, Chelo,</subfield>
    <subfield code="e">coordinador</subfield>
  </datafield>
  <datafield tag="700" ind1="1" ind2=" ">
    <subfield code="a">Bueno, Pepa,</subfield>
    <subfield code="e">entrevistat</subfield>
  </datafield>
  <datafield tag="830" ind1=" " ind2="0">
    <subfield code="a">Monograf&#xED;as de investigaci&#xF3;n e innovaci&#xF3;n ;</subfield>
    <subfield code="v">6</subfield>
  </datafield>
  <datafield tag="907" ind1=" " ind2=" ">
    <subfield code="a">.b72064158</subfield>
    <subfield code="b">28-10-20</subfield>
    <subfield code="c">20-09-18</subfield>
    <subfield code="d">20-09-18</subfield>
    <subfield code="e">m</subfield>
    <subfield code="f">a  </subfield>
    <subfield code="g">-</subfield>
    <subfield code="h">spa</subfield>
    <subfield code="i">sp </subfield>
    <subfield code="j">0</subfield>
    <subfield code="k">0</subfield>
  </datafield>
  <datafield tag="940" ind1=" " ind2=" ">
    <subfield code="a">REBIUN</subfield>
  </datafield>
  <datafield tag="942" ind1=" " ind2=" ">
    <subfield code="2">udc</subfield>
    <subfield code="c">MON</subfield>
  </datafield>
  <datafield tag="952" ind1=" " ind2=" ">
    <subfield code="0">0</subfield>
    <subfield code="1">0</subfield>
    <subfield code="4">0</subfield>
    <subfield code="7">0</subfield>
    <subfield code="a">CDMR</subfield>
    <subfield code="b">CDMR</subfield>
    <subfield code="d">2021-02-18</subfield>
    <subfield code="l">0</subfield>
    <subfield code="o">Ei /6</subfield>
    <subfield code="p">CDMR21020010</subfield>
    <subfield code="r">2021-02-18</subfield>
    <subfield code="w">2021-02-18</subfield>
    <subfield code="y">MON</subfield>
  </datafield>
</record>
